Score 0/15 Timer 03:00
3 Plays Today
Monarch (A) Who Reigned Longer - A or B? % Correct
Edward V???
89.6%
Elizabeth I???
87.9%
Edward VIII???
75.6%
Edward VII???
68.5%
William III???
67.9%
Henry IV???
67.6%
Charles II???
67.2%
George IV???
63.3%
Monarch (A) Who Reigned Longer - A or B? % Correct
Richard II???
61.8%
Anne???
57.2%
Edward VI???
55.1%
Henry III???
53.5%
William I???
46.9%
Stephen???
40.4%
James I???
35.4%
Remove Ads.
Support Sporcle.
Get the best of Sporcle when you Go Orange. This ad-free experience offers more features, more stats, and more fun while also helping to support Sporcle. Thank you for becoming a member.

You're not logged in!

Compare scores with friends on all Sporcle quizzes.
OR
Log In

Show Comments

Extras

Top Quizzes Today


Score Distribution

Your Account Isn't Verified!

In order to create a playlist on Sporcle, you need to verify the email address you used during registration. Go to your Sporcle Settings to finish the process.

Report this User

Report this user for behavior that violates our Community Guidelines.

Details: